00916nam a2200205Ia 450000500170000000800410001701600140005804000240007205000200009608200130011611000980012924501520022726000890037930000150046856300100048365000730049394200070056699900170057395201200059020260119152545.0210303s9999 xx 000 0 und d 2reto2022b aNLNbEnglisheAACR2 aHE5707.7b.O35  a354.6692 aOGUN State (Nigeria) Ministry of Finance and Economic Development Statistics Division.959947 2aA summary of current motor statistics- Jan. - Dec. 1977 /cOgun State (Nigeria), Ministry of Finance and Economic Development. Statistics Division. aAkure :bStatistics Division, Ministry of Finance and Economic Development,c(1978?) aV. ;b33cm a(pbk) aMotor vehiclesvNigeria (Ogun State)xStatisticsxPeriodicals969290 cBK c23741d23741 00102lcc4070aLAGbMAINd2021-03-04l0oHE5707.7 .O35p2024-555555551000750r2021-03-04 00:00:00w2021-03-04yBK